Ensayo sobre el bien / (Record no. 113354)

MARC details
000 -LEADER
campo de control de longitud fija 00578nam a2200193 4500
001 - NÚMERO DE CONTROL
campo de control 113354
003 - IDENTIFICADOR DE NÚMERO DE CONTROL
campo de control ES-MaACL
005 - FECHA Y HORA DE LA ÚLTIMA TRANSACCIÓN
campo de control 20230906185846.0
007 - CAMPO FIJO DE DESCRIPCIÓN FÍSICA--INFORMACIÓN GENERAL
campo de control de longitud fija t|
008 - DATOS DE LONGITUD FIJA--INFORMACIÓN GENERAL
campo de control de longitud fija 061121s1963 sp r ||||1| spa d
100 1# - ENTRADA PRINCIPAL--NOMBRE DE PERSONA
Nombre de persona Nishida, Kitaro.
9 (RLIN) 85768
245 10 - MENCIÓN DEL TÍTULO
Título Ensayo sobre el bien /
Mención de responsabilidad, etc. Kitaro Nishida ; traducción de Anselmo Mataix, José M. de Vera.
260 ## - PUBLICACIÓN, DISTRIBUCIÓN, ETC.
Lugar de publicación, distribución, etc. Madrid :
Nombre del editor, distribuidor, etc. Revista de Occidente,
Fecha de publicación, distribución, etc. 1963.
300 ## - DESCRIPCIÓN FÍSICA
Extensión 305 p. ;
Dimensiones 20 cm.
650 00 - PUNTO DE ACCESO ADICIONAL DE MATERIA--TÉRMINO DE MATERIA
Término de materia o nombre geográfico como elemento de entrada Bien.
9 (RLIN) 10556
700 1# - ENTRADA AGREGADA--NOMBRE PERSONAL
Nombre de persona Mataix, Anselmo.
9 (RLIN) 78905
700 1# - ENTRADA AGREGADA--NOMBRE PERSONAL
Nombre de persona Vera, José M. de.
9 (RLIN) 113946
852 ## - LOCALIZACIÓN
Ubicación ES-MaACL
Número de control de estantería C-23900
Holdings
Estatus retirado Estado de pérdida Estado de daño No para préstamo Biblioteca de origen Biblioteca actual Ubicación en estantería Fecha de adquisición Fuente de adquisición Total de préstamos Signatura topográfica completa Código de barras Visto por última vez Precio de reemplazo Tipo de ítem Koha
        Biblioteca del Ateneo de Madrid Biblioteca del Ateneo de Madrid Depósito 2 17/01/2008     C-23900 1118229 23/02/2023 23/02/2023 Libro impreso